Fr. Conceicao Rodrigues College of Engineering

Algebra (Record no. 24751)

MARC details
000 -LEADER
fixed length control field 00363nam a2200181Ia 4500
082 ## - DEWEY DECIMAL CLASSIFICATION NUMBER
Classification number 512/WAE
Item number WAE
100 ## - MAIN ENTRY--PERSONAL NAME
Personal name Waerden/Van der
245 ## - TITLE STATEMENT
Title Algebra
260 ## - PUBLICATION, DISTRIBUTION, ETC.
Name of publisher, distributor, etc. Springer International
Place of publication, distribution, etc. New Delhi
Date of publication, distribution, etc. 1991
366 ## - TRADE AVAILABILITY INFORMATION
Publishers's discount category 20
300 ## - PHYSICAL DESCRIPTION
Extent 265
490 ## - SERIES STATEMENT
Volume/sequential designation 1
546 ## - LANGUAGE NOTE
Language note ENGLISH
650 ## - SUBJECT ADDED ENTRY--TOPICAL TERM
Topical term or geographic name entry element Algebra
654 ## - SUBJECT ADDED ENTRY--FACETED TOPICAL TERMS
Focus term Algebra
942 ## - ADDED ENTRY ELEMENTS (KOHA)
Koha item type BOOK
Holdings
Withdrawn status Lost status Damaged status Not for loan Collection Home library Current library Date acquired Source of acquisition Cost, normal purchase price Inventory number Total Checkouts Full call number Barcode Date last seen Cost, replacement price Price effective from Koha item type
        CRC Fr. Agnel's C.Rodrigues College of Engineering Fr. Agnel's C.Rodrigues College of Engineering 17/03/2023 Ane Books India 476.00 355   512/WAE WAE 18684 17/03/2023 595.00   BOOK
        CRC Fr. Agnel's C.Rodrigues College of Engineering Fr. Agnel's C.Rodrigues College of Engineering 17/03/2023 Ane Books India 476.00 355   512/VAN 18685 17/03/2023 595.00   BOOK